000 00455nam a2200133 a 4500
008 120416s1971 xx |||||||||||||| || u
050 _aNC 800 Hac
100 _aHackett, Brian
245 1 0 _aLandscape planning
246 _aan introduction to theory and practice
260 _c1971
350 _a0.00
995 _D0.00
_FCBU-MAIN LIBRARY (Kitwe)
_H1
_I5.00
_UAVAILABLE
_ZAnnex Low-Usage Collection
999 _c48861
_d48861